Colors in Japanese - Statistics

General Stats
  • This quiz has been taken 3,423 times
  • The average score is 7 of 8
Answer Stats
Japanese English % Correct
Ao Blue
99%
Aka Red
97%
Shiro White
96%
Kuro Black
95%
Midori Green
94%
Kiiro Yellow
90%
Murasaki Purple
85%
Haiiro Grey
64%
No matching quizzes found
Score Distribution
Percent of People with Each Score
Percentile by Number Answered
Your Score History
You have not taken this quiz